| 000 | 01955nam0a2200373 i 4500 | ||
|---|---|---|---|
| 001 | RU\NLR\bibl\2004000 | ||
| 005 | 20260406025232.0 | ||
| 021 |
_aRU _b2013-7466 _9537 |
||
| 035 | _a(nilc)RuMoRGB-006528608 | ||
| 035 | _a(NLR Aleph) 001992684 | ||
| 090 |
_a4247346 _c4247346 |
||
| 100 | _a20130208d2012 k y0rusy50 ca | ||
| 101 | 0 | _arus | |
| 102 | _aRU | ||
| 105 | _aa ||||||||| | ||
| 200 | 1 |
_aЭколого-экономический анализ использования различных видов топлива на объектах нефтегазового комплекса _eобзорная информация _fС.В. Коняев, К.В. Романов, Г.С. Акопова [и др.] _gОткрытое АО "Газпром", О-во с огранич. ответственностью "Газпром ВНИИГАЗ" |
|
| 210 |
_aМосква _cГазпром ВНИИГАЗ _d2012 |
||
| 215 |
_a128 с. _cцв. ил. _d21 |
||
| 320 | _aБиблиогр.: с. 124-128 (59 назв.) | ||
| 606 | 1 |
_aОкружающая среда _xОхрана _9963281 _3RU\NLR\AUTH\6641170 |
|
| 606 | 1 |
_aЭнергетические ресурсы _xИспользование _xЭкономическая эффективность _92012905 _3RU\NLR\AUTH\661210759 |
|
| 686 | 1 | _aУ28(0)530.57 | |
| 686 | 1 | _aУ5-554.08-07 | |
| 701 | 1 |
_aКоняев _bС. В. _4070 |
|
| 701 | 1 |
_4070 _8rus _7ca _aРоманов _bК. В. _cканд. экон. наук, нефтегазовая пром-сть _f1981- _gКонстантин Владимирович _3RU\NLR\auth\77126868 _9109792 |
|
| 701 | 1 |
_aАкопова _bГ. С. _gГретта Семеновна _4070 |
|
| 801 | 0 |
_aRU _bRuMoRKP _c20130208 _gRCR |
|
| 801 | 2 |
_aRU _bРГБ _c20130228 _grcr |
|
| 801 | 1 |
_aRU _bRuMoRKP _c20130208 _2rusmarc |
|
| 801 | 2 |
_aRU _bNLR _c20130222 _grcr |
|
| 942 | _cBOOK | ||
| 980 | _aNBR | ||